000 00435nam a22001697a 4500
005 20160616095419.0
008 160616b xxu||||| |||| 00| 0 eng d
020 _a81-259-1179-2
041 _aeng
082 _b7890
100 _aRaghupathy, M and Krishna Murthy, S.
_92045
245 _aPersonal Quality
260 _aNew Delhi
_bVikas Publishing House (P) Ltd.
_c2003
300 _a159
650 _aManagement
_9241
942 _cBK
999 _c2860
_d2859